Hands-on Quantum Machine Learning with Python Vol.1 (Record no. 13533)

MARC details
000 -LEADER
fixed length control field 00418nam a22001697a 4500
003 - CONTROL NUMBER IDENTIFIER
control field OSt
008 - FIXED-LENGTH DATA ELEMENTS--GENERAL INFORMATION
fixed length control field 250506b |||||||| |||| 00| 0 eng d
020 ## - INTERNATIONAL STANDARD BOOK NUMBER
International Standard Book Number 9789355426406
082 ## - DEWEY DECIMAL CLASSIFICATION NUMBER
Classification number 005.133 ZIH
100 ## - MAIN ENTRY--PERSONAL NAME
Personal name ZICKERT,Frank
245 ## - TITLE STATEMENT
Title Hands-on Quantum Machine Learning with Python Vol.1
250 ## - EDITION STATEMENT
Edition statement 1st Rep Ed
260 ## - PUBLICATION, DISTRIBUTION, ETC. (IMPRINT)
Place of publication, distribution, etc Mumbai
Name of publisher, distributor, etc SPD
Date of publication, distribution, etc 2025
300 ## - PHYSICAL DESCRIPTION
Extent 438
650 ## - SUBJECT ADDED ENTRY--TOPICAL TERM
Topical term or geographic name as entry element Quantum Machine
942 ## - ADDED ENTRY ELEMENTS (KOHA)
Source of classification or shelving scheme Dewey Decimal Classification
Koha item type Text Books
Holdings
Withdrawn status Lost status Source of classification or shelving scheme Damaged status Not for loan Collection code Home library Current library Date acquired Source of acquisition Currency Cost, normal purchase price Bill Number Total Checkouts Full call number Acc. no. / Barcode Date last seen Actual Cost, discounted price Bill Date Koha item type
    Dewey Decimal Classification     B.Tech(CSE) PIET C-LIBRARY PIET C-LIBRARY 02/05/2025 Zaffa Books INR 2225.00 ZBD0096   005.133 ZIH 39629 06/05/2025 1668.75 02/05/2025 Reference Books
    Dewey Decimal Classification     B.Tech(CSE) PIET C-LIBRARY PIET C-LIBRARY 02/05/2025 Zaffa Books INR 2225.00 ZBD0096   005.133 ZIH 39630 06/05/2025 1668.75 02/05/2025 Text Books

Design & Developed by: PIET Central Library
R70 Miles Stone Pattikalyana Samalkha Panipat 132102
mail ID :- [email protected], Phone No:- 0180-2569700 Ex.216